00382nam a2200181Ia 4500003000900000008004100009040001300050040001300063041000800076100002500084245002900109250001100138260001400149260000900163300001200172300001000184490000600194IT-RoPAU120407s9999 xx 000 0 und d aIT-RoPAU cIT-RoPAU aita aRoger Martin Du Gard aOeuvres complètès II aParis  aGallimard c1955 a1432 p. c18 cm v1